000 00535nam a2200181Ia 4500
008 151018s9999 xx 000 0 und d
082 _bRBASDV20214
_a891.463
100 _aअमृता प्रितम
245 _aनागमणी
250 _b1
260 _bअनिलकुमार मेहता
_c1987
300 _a130
600 _aअमृता प्रितम
630 _aनागमणी
700 _aअमृता प्रितम
730 _aनागमणी
942 _cBOOK
999 _c1020841
_d1020838